01609nam a2200337 a 450000100060000000300080000600500170001400800390003103500190007004000300008904100080011908200220012710000570014924501110020626000540031730000210037150000260039250000930041850400260051160000410053765000190057865000180059770000400061583000420065594200120069799900170070995201420072695201390086895201420100795201220114932028BD-RjUL20211209051759.0140423r19541941enk b 000 0 eng a(BD-RjUL)32117 aDLCcGUdGUdBD-RjULbeng aeng a297.125bALS 19541 aAl-Suhrawardy, Abdullah Al-Mamun.d1882-1935.99748914aThe sayings of Muhammad /cby Allama Sir Abdullah Al-Mamun Al-Suhrawardy; with foreword by Mahatma Gandhi. aLondon :bJ. Murray,c1941 [Reprinted 1949,1954]. a128 p. ;c18 cm. a"First edition 1941." aA reprint of the 1905 edition with revisions by the editor, Hassan Suhrawardy. Cf. Pref. aBibliography: p. 122.00aMuḥammad.cProphet,d-632.9223443 0aHadith.997491 0aIslam9223444 aGandhi, Mahatma, foreworder9223445 aThe wisdom of the East series9223442 2ddccBK c32028d32028 00102ddc40708NFICaRUCLbRUCLcStackd1958-01-08eSpalding Trustg0.00l0o297.125 ALS 1954r2014-04-23 00:00:00tC-3w2021-12-09yBK 00102ddc40708NFICaRUCLbRUCLcStackd1955-12-08ePub. Unitedg4.10l0o297.125 ALS 1954r2014-04-28 00:00:00tC-4w2021-12-09yBK 00102ddc40708NFICaRUCLbRUCLcStackd1966-11-28eA. I. Quraishig6.00l0o297.125 ALS 1949r2016-12-04 00:00:00tC-2w2021-12-09yBK 00102ddc40718RAREaRUCLbRUCLcRared2018-10-08l0oRA 297.125 ALS 1954r2018-10-08 00:00:00tC-1w2021-12-09yBK